Propuesta de una solución técnica para un mejor aprovechamiento de Banda Ancha en el Sector Empresarial de Managua

Se realiza un estudio de requerimientos técnicos y económicos para implantar en una empresa la infraestructura de telecomunicaciones que soporten servicios de banda ancha para contribuir a su modernización tecnológica y alta competitividad de sus servicios. Establecer los requerimientos que nec...

Full description

Bibliographic Details
Main Authors: Velásquez Guevara, Rodolfo Antonio, Malespín Solís, Hugo Alberto
Other Authors: Tutor: Hernández García, Enrique José
Format: Tesis Section = Libro
Language:Undetermined
Spanish
Published: Managua UNI 2012
Subjects:
LEADER 01406nam a2200277Ia 4500
008 240830s9999 xx 000 0 und d
040 |a BIBLIOTECA-RUSB/ T.Mon 004.65 V434 
041 |a spa 
082 |a T.Mon 004.65 V434 
100 1 |a Velásquez Guevara, Rodolfo Antonio 
100 1 |b Malespín Solís, Hugo Alberto 
245 1 0 |a Propuesta de una solución técnica para un mejor aprovechamiento de Banda Ancha en el Sector Empresarial de Managua 
260 |a Managua  |b UNI  |c 2012 
300 |a 40 p. :il. 
500 |a Contiene: anexos. 
502 |a Tesis (Ingeniero Electrónico) - UNI, 2012. 
520 3 |a Se realiza un estudio de requerimientos técnicos y económicos para implantar en una empresa la infraestructura de telecomunicaciones que soporten servicios de banda ancha para contribuir a su modernización tecnológica y alta competitividad de sus servicios. Establecer los requerimientos que necesitan una empresa del sector empresarial en términos de comunicación inmediata, velocidad, posibilidad de alojamiento web, soporte técnico, entre otras. 
650 7 |a BANDA ANCHA-REDES DE TRANSMISION DE DATOS 
650 7 |b  TELECOMUNICACIONES 
650 7 |c  TECNOLOGIA-INTERNET 
650 7 |d  ARQUITECTURA RED ADSL 
650 7 |e  ARQUITECTURA DE RED INALAMBRICA 
700 1 |a Tutor:  |b Hernández García, Enrique José 
942 |c BK  |2 ddc 
991 |a TESIS 
999 |c 21582